<?xml version="1.0" encoding="UTF-8"?><?xml-stylesheet type="text/xsl" href="static/style.xsl"?><OAI-PMH xmlns="http://www.openarchives.org/OAI/2.0/" xmlns:xsi="http://www.w3.org/2001/XMLSchema-instance" xsi:schemaLocation="http://www.openarchives.org/OAI/2.0/ http://www.openarchives.org/OAI/2.0/OAI-PMH.xsd"><responseDate>2026-04-17T02:57:04Z</responseDate><request verb="GetRecord" identifier="oai:www.recercat.cat:2117/97673" metadataPrefix="marc">https://recercat.cat/oai/request</request><GetRecord><record><header><identifier>oai:recercat.cat:2117/97673</identifier><datestamp>2025-07-23T04:04:09Z</datestamp><setSpec>com_2072_1033</setSpec><setSpec>col_2072_452951</setSpec></header><metadata><record xmlns="http://www.loc.gov/MARC21/slim" xmlns:dcterms="http://purl.org/dc/terms/" xmlns:xsi="http://www.w3.org/2001/XMLSchema-instance" xmlns:doc="http://www.lyncode.com/xoai" xsi:schemaLocation="http://www.loc.gov/MARC21/slim http://www.loc.gov/standards/marcxml/schema/MARC21slim.xsd">
   <leader>00925njm 22002777a 4500</leader>
   <datafield ind2=" " ind1=" " tag="042">
      <subfield code="a">dc</subfield>
   </datafield>
   <datafield ind2=" " ind1=" " tag="720">
      <subfield code="a">Tarrasó Martínez, Jaime</subfield>
      <subfield code="e">author</subfield>
   </datafield>
   <datafield ind2=" " ind1=" " tag="260">
      <subfield code="c">2016-10-05</subfield>
   </datafield>
   <datafield ind2=" " ind1=" " tag="520">
      <subfield code="a">The goal of this project is to develop a system to compute the position and&#xd;
orientation of an UAV using a monocular camera. To achieve that, the WOLF library will&#xd;
be used. WOLF is a library thought to solve generalized simultaneous localization and&#xd;
mapping (SLAM) and visual odometry problems. Derived classes will implement the&#xd;
algorithms needed to track features from the images obtained through the sensors.&#xd;
Constraints between the features and other features, or with landmarks, will be created to&#xd;
form a factor graph. An external solver will iterate to find the optimal state, by&#xd;
minimizing the cost associated to all the constraints. Ideally, our system can be used&#xd;
together with an inertial model measuring rotational velocities and translational&#xd;
accelerations, and tested with an unmanned aerial vehicle (UAV) in simulation and in&#xd;
real.environments.</subfield>
   </datafield>
   <datafield tag="653" ind2=" " ind1=" ">
      <subfield code="a">Àrees temàtiques de la UPC::Enginyeria civil::Geomàtica::Cartografia</subfield>
   </datafield>
   <datafield tag="653" ind2=" " ind1=" ">
      <subfield code="a">Cartography</subfield>
   </datafield>
   <datafield tag="653" ind2=" " ind1=" ">
      <subfield code="a">Cartografia</subfield>
   </datafield>
   <datafield ind2="0" ind1="0" tag="245">
      <subfield code="a">Implementation of a Visual SLAM System</subfield>
   </datafield>
</record></metadata></record></GetRecord></OAI-PMH>